| 000 | 00826cam a2200253 4500 | ||
|---|---|---|---|
| 008 | 090401t1996 xxu||||| |||| 00| 0 eng d | ||
| 020 | _a0471114650 | ||
| 035 | _a(Sirsi) u41454 | ||
| 041 | _aeng | ||
| 050 | _a692.80973 | ||
| 100 | _aSchultzel, Henry J. | ||
| 245 | _aSuccessful partnering: fundamentals for project owners and contractors. | ||
| 260 |
_aNew York _bJohn Wiley and Sons _c1996 |
||
| 300 | _ax,179p. ; 24cm. | ||
| 350 | _a42.5 | ||
| 520 | _aAn American book designed to show project owners, construction professionals and others how to implement the practice of partnering. | ||
| 650 | _aBUILDING PROJECTS | ||
| 650 | _aSUCCESSFUL PARTNERING | ||
| 650 | _aUNITED STATES | ||
| 690 | _aBUILT ENVIRONMENT-BUILDING CONTRACT FORMS | ||
| 700 | _aUnruh, V. Paul | ||
| 942 | _n0 | ||
| 948 | _c04/03/1997 | ||
| 999 |
_c90937 _d90937 |
||